Mountolive: roman
Uloženo v:
| Hlavní autor: | |
|---|---|
| Médium: | Kniha |
| Jazyk: | Undetermined |
| Vydáno: |
París, Francia
Buchet-Chastel
1959
|
| Témata: | |
| Tagy: |
Přidat tag
Žádné tagy, Buďte první, kdo vytvoří štítek k tomuto záznamu!
|
MARC
| LEADER | 00000nam a2200000Ia 4500 | ||
|---|---|---|---|
| 008 | 170316s9999 xx 000 0 und d | ||
| 040 | |a cru BVZT | ||
| 090 | |a 820 D-13mo | ||
| 100 | |a Durrell, Lawrence |9 430 | ||
| 245 | |a Mountolive: roman | ||
| 260 | |a París, Francia | ||
| 260 | |b Buchet-Chastel | ||
| 260 | |c 1959 | ||
| 300 | |a 413 páginas | ||
| 650 | |a LITERATURA FRANCESA |9 109 | ||
| 650 | |a NOVELA |9 13 | ||
| 999 | |c 6840 |d 6840 | ||
| 942 | |c 15 D |h 820 D-13mo |2 z | ||
